000 00255nam a22001217a 4500
003 SGT
082 _a823.92
_bKIP
100 _aKIPLING RUDYARD
245 _aTHE JUNGLE BOOKS
260 _aENGLAND
_bPENGUIN PUB
_c1994
300 _a326
942 _2ddc
_cBK
999 _c33573
_d33573